Bienvenue au Catalogue en Ligne des Bibliothèques de l'Universite du Burundi

Study of the association between nutrition interventions and stunting among children under five years of age in Burundi (Record no. 54027)

000 -GUIDE
Champ de contrôle de longueur fixe 01068nam a22002297a 4500
003 - IDENTITÉ DU NUMÉRO DE CONTRÔLE
Champ de contrôle BI-BuBU
008 - ÉLÉMENTS DE LONGUEUR FIXE - RENSEIGNEMENTS GÉNÉRAUX
Champ de contrôle de longueur fixe 260616b202616/6bd ||||f |||| 00| 0 fre d
037 ## - SOURCE D'ACQUISITION
Source d'acquisition et du numéro d'inventaire don de l´auteur
039 ## - NIVEAU DE CONTRÔLE BIBLIOGRAPHIQUE ET HISTORIQUE D'ENCODAGE [OBSOLETE]
Date creation 20260616120359.0
Nom catalographe Jean Baptiste Ndikumana
040 ## - SOURCE DU CATALOGAGE
Organisme qui a effectué le catalogage original BI-BuBU
Code de la langue utilisée dans le catalogage fre
Organisme qui a effectué la transcription BI-BuBU
Organisme qui a effectué la modification BI-BuBU
080 ## - INDICE DE LA CLASSIFICATION DÉCIMALE UNIVERSELLE (CDU)
Indice de la Classification décimale universelle 612.39
100 1# - VEDETTE PRINCIPALE - NOM DE PERSONNE
Code de relation aut
Nom de personne Ubayimfura,Nadia
245 10 - MENTION DU TITRE
Titre Study of the association between nutrition interventions and stunting among children under five years of age in Burundi
Mention de responsabilité, etc. Nadia Ubayimfura; Zacharie Ndizeye, directeur
260 ## - PUBLICATION, DIFFUSION, ETC. (ADRESSE BIBLIOGRAPHIQUE)
Lieu de publication, diffusion, etc. Bujumbura
Nom de l'éditeur, diffuseur, etc. Université du Burundi, East African Nutritional Sciences Institute
Date of publication, distribution, etc 2024
300 ## - DESCRIPTION MATÉRIELLE
Collation XXI-32f
Dimensions 30cm
502 ## - NOTE DE THÈSE OU MÉMOIRE
Note de thèse A dissertation submitted in partial fulfillment of the requirements for the degree of Master in Nutrition and health, with specialization in Nutrition applied to public health
650 #7 - VEDETTE-MATIÈRE - NOM COMMUN
Source du terme BI-BuBU
Vedette de sujet ou vedette comportant un nom géographique Nutrition
Subdivision de forme Enfant de moins de cinq ans
Subdivision géographique Burundi
655 #7 - TERME D'INDEXATION - GENRE OU FORME
Source du terme BI-BuBU
700 1# - VEDETTE SECONDAIRE - NOM DE PERSONNE
Code de relation dir
Nom d'auteur Ndizeye Zacharie
710 ## - VEDETTE SECONDAIRE - NOM DE COLLECTIVITÉ
Code de relation aut
Nom de la collectivité ou nom de lieu comme élément de classement East African Nutritional Sciences Institute( EANSI)
942 ## - ÉLÉMENTS D'ENTRÉE ADDITIONNELLE (KOHA)
Type d item koha Memoire
Source de la classification ou du système de rangement
Holdings
Statut de retrait Statut de perte Source de la classification ou du système de rangement Statut de déterioration Exclu du prêt Numéro d item Koha Localisation permanente Localisation actuelle Date d'acquisition Source d'acquisition Nombre de prêts Cote Code-barres Date last seen Prix en vigueur à partir du Type d item koha
          85886 Bibliothèque Centrale Bibliothèque Centrale 16/06/2026 don de l´auteur   612.39 .UBA. 5010000672997 16/06/2026 16/06/2026 Memoire
© 2019-2026 - Bibliothèques de l'Université du Burundi |Tous droits réservés
home | Pour toute information urgente Contactez nous | tel whatsupp: +25779204313